<?xml version="1.0" encoding="utf-8"?>
<?xml-stylesheet type='text/xsl' href='./oai2.xsl'?>
<OAI-PMH xmlns="http://www.openarchives.org/OAI/2.0/" xmlns:xsi="http://www.w3.org/2001/XMLSchema-instance" xsi:schemaLocation="http://www.openarchives.org/OAI/2.0/ http://www.openarchives.org/OAI/2.0/OAI-PMH.xsd">
  <responseDate>2026-06-04T03:03:03Z</responseDate>
  <request verb="GetRecord" metadataPrefix="marcxml" identifier="record_kuniweb_414367">https://kulturerbe.niedersachsen.de/oai</request>
  <GetRecord>
    <record>
      <header>
        <identifier>record_kuniweb_414367</identifier>
        <datestamp>2026-03-31T19:09:18Z</datestamp>
        <setSpec>slg0184</setSpec>
      </header>
      <metadata>
        <marc:record xmlns:marc="http://www.loc.gov/MARC21/slim" xsi:schemaLocation="http://www.loc.gov/MARC21/slim http://www.loc.gov/standards/marcxml/schema/MARC21slim.xsd">
          <marc:leader>12345nkm  22     uu 4500</marc:leader>
          <marc:controlfield tag="001">414367</marc:controlfield>
          <marc:controlfield tag="003">http://kuniweb.gbv.de</marc:controlfield>
          <marc:controlfield tag="005">2025-12-16T14:14:52</marc:controlfield>
          <marc:controlfield tag="008">|           ||||||||||||||||||||||</marc:controlfield>
          <marc:datafield tag="245" ind1="1" ind2="0">
            <marc:subfield code="a">Entwurf eines Gartenhauses - Ansicht der Talseite</marc:subfield>
          </marc:datafield>
          <marc:datafield tag="720" ind1=" " ind2=" ">
            <marc:subfield code="a">Krahe, Peter Joseph (1758 - 1840)</marc:subfield>
          </marc:datafield>
          <marc:datafield tag="655" ind1=" " ind2="7">
            <marc:subfield code="a">Grafik</marc:subfield>
          </marc:datafield>
          <marc:datafield tag="046" ind1=" " ind2=" ">
            <marc:subfield code="k">1787</marc:subfield>
            <marc:subfield code="k">1787-1794</marc:subfield>
            <marc:subfield code="l">1794</marc:subfield>
          </marc:datafield>
          <marc:datafield tag="260" ind1=" " ind2=" ">
            <marc:subfield code="g">1787</marc:subfield>
            <marc:subfield code="g">1794</marc:subfield>
            <marc:subfield code="g">1787-1794</marc:subfield>
          </marc:datafield>
          <marc:datafield tag="300" ind1=" " ind2=" ">
            <marc:subfield code="a">Breite: 453 mm
Höhe: 315 mm</marc:subfield>
          </marc:datafield>
          <marc:datafield tag="520" ind1=" " ind2=" ">
            <marc:subfield code="a">Beschreibung: Düsseldorf-Koblenz 1786-1794. Die Monogrammierung (Tusche) erfolgte später durch Friedrich Maria Krahe (auf dem Randstreifen). Numerierung durch Friedrich Maria Krahe/ Nachlaßstempel oben rechts. Maßstabsangaben. Am Rand verfärbt, Randstreifen stark stockfleckig, Risse im Randstreifen geklebt. Wasserzeichen.  (Städtisches Museum Braunschweig)

Wasserzeichen:
nicht identifiziert.

Aufschrift:
Bezeichnet, mit Feder in Schwarz, unten rechts: "P. Krahe"; oben rechts, mit Feder in Schwarz: "15"

Stempel:
oben rechts: Krahe-Nachlass-Stempel in Rot

Veröffentlicht in:
J. P. Klaus, „Exotische Architekturen im Werk Peter Joseph Krahes“, Peter Joseph Krahe, Frankfurt am Main, 2015. S. 175-194, 2015. (S. 177, Abb. 08.02)

Veröffentlicht in:
C. Hollberg, M. Knauer, S. Paulus, B. Schütz, und P. J. Krahe, „Peter Joseph Krahe Ein Architekt um 1800; [Städtisches Museum Braunschweig, 8. Oktober 2015 bis 13. Januar 2016]“. Städtisches Museum, Braunschweig, 2015. (S. 93, Kat. Nr. 96.)

Veröffentlicht in:
P. J. Krahe, „Peter Joseph Krahe Zeichnungen, Studien, Ideenskizzen und Entwürfe ; Ausstellung im Städtischen Museum Braunschweig ; vom 16. März bis 13. April 1958“, Arbeitsberichte aus dem Städtischen Museum Braunschweig, Bd. 9. [Verlag nicht ermittelbar], Braunschweig, 1958. (Kat. Nr. 98.)

Veröffentlicht in:
R. Dorn und P. J. Krahe, „Bauten und Projekte Peter Joseph Krahes in Düsseldorf, Koblenz, Hannover und Braunschweig 1787 - 1806 Untersuchungen des zeichnerischen Nachlasses und beschreibender Katalog“, Peter Joseph Krahe, Bd. Bd. 2. Klinkhardt &amp;amp; Biermann, Braunschweig, 1971. (S.178, Kat. Nr. 379; Abb.67, S.384.)</marc:subfield>
          </marc:datafield>
          <marc:datafield tag="650" ind1="1" ind2=" ">
            <marc:subfield code="a">Bossenwerk</marc:subfield>
          </marc:datafield>
          <marc:datafield tag="650" ind1="1" ind2=" ">
            <marc:subfield code="a">Gartenpavillon</marc:subfield>
          </marc:datafield>
          <marc:datafield tag="650" ind1="1" ind2=" ">
            <marc:subfield code="a">Gartenhaus</marc:subfield>
          </marc:datafield>
          <marc:datafield tag="650" ind1="1" ind2=" ">
            <marc:subfield code="a">Grafik, Fotografie &gt; Zeichnung &gt; Pinselzeichnung</marc:subfield>
          </marc:datafield>
          <marc:datafield tag="650" ind1="1" ind2=" ">
            <marc:subfield code="a">Grafik, Fotografie &gt; Zeichnung &gt; Federzeichnung</marc:subfield>
          </marc:datafield>
          <marc:datafield tag="650" ind1="1" ind2=" ">
            <marc:subfield code="a">Zeichnung/Grafik</marc:subfield>
          </marc:datafield>
          <marc:datafield tag="773" ind1="0" ind2=" ">
            <marc:subfield code="t">Sammlung Grafik</marc:subfield>
          </marc:datafield>
          <marc:datafield tag="852" ind1=" " ind2=" ">
            <marc:subfield code="a">Städtisches Museum Braunschweig</marc:subfield>
          </marc:datafield>
          <marc:datafield tag="852" ind1=" " ind2=" ">
            <marc:subfield code="a">Deutschland</marc:subfield>
          </marc:datafield>
          <marc:datafield tag="" ind1=" " ind2=" ">
            <marc:subfield code="a">Namensnennung - Nicht kommerziell - Keine Bearbeitungen 4.0 International (CC BY-NC-ND 4.0)</marc:subfield>
          </marc:datafield>
        </marc:record>
      </metadata>
    </record>
  </GetRecord>
</OAI-PMH>
